000 00958nam a22002417a 4500
005 20170811153736.0
010 _a1516EN07 ENG-116112
020 _a9788176506397
_c350.00
035 _aB-610082-104
035 _aEN-99644
035 _aB-664803
037 _bS P/ Ven
_aDPL
037 _bDBAD/PUB
082 _a841
245 _aMasterpieces of urdu poetry :
_bUrdu-English, Hindi Roman /
_cCopiled by Amar Varma
260 _a New Delhi
_bStar Publication
_c2015
270 _a4/5,Asaf Ali Road,
_bNew Delhi
_e110002
300 _a271p.
_c23cm(Hb)
500 _aIncludes index
942 _2ddc
_cEN
_h841
_mMAS
999 _c96061
_d96061